Which -Stan Country? Maps & Flags Pictures. - Statistics

General Stats
  • This quiz has been taken 48 times
  • The average score is 6 of 7
Answer Stats
Picture Answer % Correct
Pakistan
98%
Uzbekistan
98%
Kazakhstan
95%
Afghanistan
90%
Tajikistan
90%
Kyrgyzstan
88%
Turkmenistan
88%
No matching quizzes found
Score Distribution
Percent of People with Each Score
Percentile by Number Answered
Your Score History
You have not taken this quiz